000 00535nam a2200181Ia 4500
003 OSt
005 20260325124402.0
008 211028s2007 xx 000 0 und d
040 _cAIMIT LIBRARY
041 _aeng
082 _a658.15 FERM
100 _aFernandes, Malvin Santosh;Tauro, Lavina.
_g50971355
_95746
245 _aA study on investors attitude towards financial planners with reference to Mangalore city /
260 _bTauro, Lavina
_c2007
600 _aFinance
_95747
650 _aFinance
_95748
942 _2ddc
_cPRO
999 _c218007
_d218007